|
|
|
|
| LEADER |
00816nab a2200229 i 4500 |
| 001 |
misc65057 |
| 005 |
20241001155531.0 |
| 008 |
240220s1927 hu o 000 per d |
| 040 |
|
|
|a SZTE Miscellanea Repozitórium
|b hun
|
| 041 |
|
|
|a per
|
| 100 |
1 |
|
|a Togan Ahmed Zeki Velidi
|
| 245 |
1 |
0 |
|a Türkistān ismi ve hudūdī ve mesāhīsī haqqïnda
|h [elektronikus dokumentum] /
|c Togan Ahmed Zeki Velidi
|
| 260 |
|
|
|c 1927
|
| 300 |
|
|
|a 8 p.
|c 30 cm
|
| 490 |
0 |
|
|a Yañï Türkistān
|
| 561 |
|
|
|a Németh Gyula hagyaték
|
| 591 |
|
|
|a NOA 6093
|
| 650 |
|
4 |
|a Bölcsészettudományok
|
| 650 |
|
4 |
|a Történettudomány és régészet
|
| 650 |
|
4 |
|a Nyelvek és irodalom
|
| 695 |
|
|
|a Török népek története, Török nyelv - etimológia
|
| 856 |
4 |
0 |
|u http://misc.bibl.u-szeged.hu/65057/1/6093_noa.pdf
|z Dokumentum-elérés
|